000 00555nam a2200205Ia 4500
005 20250923145705.0
008 008 250917s9999 xx 000 0 eng d
037 _aTextual
040 _aDSWL
_beng
_cDSWL
041 _aeng
_2eng
084 _aY:(R), N83
_qDSWL
100 _aRickman, H.P.
_9837977
245 4 _aThe adventure of reason
_c by H.P.Rickman
260 _aLondon
_bGreenwood
_c1983
300 _axi,172 p.
365 _aINR
_b522.58
925 _g522.58
942 _cTEXL
_hY:(R), N83
999 _c1454395
_d1454395